| 000 | 00980nam a2200253 a 4500 | ||
|---|---|---|---|
| 999 |
_c6440 _d6440 |
||
| 001 | 6440 | ||
| 003 | BD-JhCC | ||
| 005 | 20180304181833.0 | ||
| 008 | 180123s20062008bg |||| ||a| 000 0 ben d | ||
| 020 | _a9844151953 | ||
| 035 | _a(BD-JhCC)6440 | ||
| 040 |
_aBD-JhCC _dBD-JhCC |
||
| 041 | _aeng | ||
| 082 |
_a954.00882971 _bALI 2008 |
||
| 100 | _aআলী, এ কে এম ইয়াকুব | ||
| 245 |
_aমুসলমানদের ইতিহাসচর্চা : _bখিলাফত ও ভারত উপমহাদেশ / _cএ কে এম ইয়াকুব আলী এবং রুহুল কুদ্দুস মোঃ সালেহ |
||
| 260 |
_aঢাকা : _bঅবসর প্রকাশনী, _c2008 |
||
| 300 |
_a254 p. : _c22 cm. |
||
| 504 | _aIncludes Bibliography | ||
| 650 |
_aMuslims _xHistoriography |
||
| 700 | _a কুদ্দুস মোঃ সালেহ, রুহুল | ||
| 942 |
_2ddc _cBK |
||